UBT Library

Radiologic Science for Technologists (Record no. 55895)

000 -LEADER
fixed length control field 00340nam a22001457a 4500
008 - FIXED-LENGTH DATA ELEMENTS--GENERAL INFORMATION
fixed length control field 210308b ||||| |||| 00| 0 eng d
020 ## - INTERNATIONAL STANDARD BOOK NUMBER
International Standard Book Number 9780815115793
041 ## - LANGUAGE CODE
Language code of text/sound track or separate title eng
080 ## - UNIVERSAL DECIMAL CLASSIFICATION NUMBER
Edition identifier 6th
Universal Decimal Classification number 616.073
082 ## - DEWEY DECIMAL CLASSIFICATION NUMBER
Classification number 616.073
100 ## - Rafti
Rafti 6
101 ## - Shkurtesa
Shkurtesa RAD
245 ## - TITLE STATEMENT
Title Radiologic Science for Technologists
Statement of responsibility, etc Bushong, S.T
942 ## - ADDED ENTRY ELEMENTS (KOHA)
Source of classification or shelving scheme
Item type Books
Holdings
Withdrawn status Lost status Source of classification or shelving scheme Damaged status Not for loan Collection code Permanent location Current location Shelving location Date acquired Total Checkouts Full call number Barcode Date last seen Price effective from Koha item type
          Koleksioni i përgjithshem UBT - Lipjan UBT - Lipjan Koleksioni i përgjithshem 03/08/2021   616.073 BUS 002-7001080 03/08/2021 03/08/2021 Books
          Koleksioni i përgjithshem UBT - Lipjan UBT - Lipjan Koleksioni i përgjithshem 10/11/2021   616.073 BUS 002-7003939 10/11/2021 10/11/2021 Books
UBT Library © 2015-2024. All rights reserved University Education for Business and Technology